000 00637nam a2200217 a 4500
001 000021350
005 20200930011315.0
008 100906s1984 sp 000 0 spa d
020 _a8401903173
040 _aDO-SdBNP
_bspa
_cBNPHU
082 _aPa863.44
_bR628m
100 1 _aRoa Bastos, Augusto.
_944587
245 1 0 _aMoriencia / :
_bAugusto Roa Bastos.
260 _aBarcelona :
_bPlaza & Janés,
_c1984.
300 _a224 p. ;
_c19 cm.
490 1 _aBiblioteca Letras del Exilio
650 4 _aNovela paraguaya
_915048
650 4 _aLiteratura paraguaya
_915641
830 0 _aBiblioteca Letras del Exilio
_922783
049 _aBNGR
999 _c20850
_d20850